Bad Bunny's Most Streamed Songs - Statistics

General Stats
  • This quiz has been taken 709 times
    118 since last reset
  • The average score is 8 of 20
Answer Stats
Hint Answer % Correct
1,582,458,015 DtMF
89%
2,040,510,202 Tití Me Preguntó
78%
1,294,340,573 BAILE INoLVIDABLE
62%
2,415,350,441 DÁKITI (ft. Jhayco)
60%
1,540,050,088 MIA (ft. Drake)
54%
1,784,086,637 Callaita (ft. Tainy)
48%
1,864,402,779 I Like It (ft. Cardi B, J Balvin)
47%
2,466,450,930 LA CANCIÓN (ft. J Balvin)
47%
2,227,321,851 Me Porto Bonito (ft. Chencho Corleone)
46%
1,546,435,027 Moscow Mule
44%
1,631,615,740 Efecto
29%
1,876,252,576 Ojitos Lindos (ft. Bomba Estéreo)
29%
1,292,692,824 Diles
27%
1,629,017,828 Yonaguni
25%
1,204,158,699 La Santa
24%
1,253,307,579 PERRO NEGRO
24%
1,327,186,620 Te Boté - Remix (ft. Lio García, Casper Mágico, Darell, Ozuna, Nicky Jam)
24%
1,174,724,399 Si Estuviésemos Juntos
7%
1,472,207,012 un x100to (ft. Grupo Frontera)
6%
1,764,847,006 No Me Conoce - Remix (ft. Jhayco, J Balvin)
5%
No matching quizzes found
Score Distribution
Percent of People with Each Score
Percentile by Number Answered
Your Score History
You have not taken this quiz since the last reset